| 000 | 005930000a22001570004500 | ||
|---|---|---|---|
| 003 | MACL | ||
| 005 | 20170910134300.0 | ||
| 008 | 170910b xxu||||| |||| 00| 0 eng d | ||
| 040 | _cmacl | ||
| 100 |
_aअजीमाबादी ,मो. अशरफ _969100 |
||
| 245 | _aयूनीकॉर्न त्रिभ्ााषीय शब्द कोश (हिन्दी उर्दू अंग्रेजी | ||
| 260 |
_aयूनीकॉर्न बुक्स _c2010 |
||
| 350 | _a296 | ||
| 650 |
_aशब्द कोश _969101 |
||
| 942 |
_cHIN _k403 _2ddc |
||
| 999 |
_c46148 _d46148 |
||